शास्त्र-विज्ञान सम्मत वन-पर्यावरण / (Record no. 119420)
[ view plain ]
| 000 -LEADER | |
|---|---|
| fixed length control field | 01344nam a22002777a 4500 |
| 003 - CONTROL NUMBER IDENTIFIER | |
| control field | dpl |
| 005 - DATE AND TIME OF LATEST TRANSACTION | |
| control field | 20190506114951.0 |
| 008 - FIXED-LENGTH DATA ELEMENTS--GENERAL INFORMATION | |
| fixed length control field | 190506b ||||| |||| 00| 0 eng d |
| 010 ## - LIBRARY OF CONGRESS CONTROL NUMBER | |
| LC control number | A-984780 |
| 020 ## - INTERNATIONAL STANDARD BOOK NUMBER | |
| Terms of availability | 150.00 |
| International Standard Book Number | 818658030 |
| 035 ## - SYSTEM CONTROL NUMBER | |
| System control number | A-984780, A-984784 |
| 037 ## - SOURCE OF ACQUISITION | |
| Source of stock number/acquisition | Cen Lib/Ret |
| 040 ## - CATALOGING SOURCE | |
| Original cataloging agency | DPL |
| Language of cataloging | HN |
| Transcribing agency | 0 |
| 082 ## - DEWEY DECIMAL CLASSIFICATION NUMBER | |
| Classification number | 631 |
| Item number | कृष्णामु |
| 100 ## - MAIN ENTRY--PERSONAL NAME | |
| Personal name | कृष्णा मुरारी सिंह |
| 9 (RLIN) | 112961 |
| 245 ## - TITLE STATEMENT | |
| Title | शास्त्र-विज्ञान सम्मत वन-पर्यावरण / |
| Statement of responsibility, etc | कृष्णा मुरारी सिंह |
| 246 ## - VARYING FORM OF TITLE | |
| Title proper/short title | Shastra-vgyaan sammat van-paryavaran / |
| Remainder of title | by Krishna Murari Singh |
| 260 ## - PUBLICATION, DISTRIBUTION, ETC. (IMPRINT) | |
| Place of publication, distribution, etc | नयी दिल्ली |
| Name of publisher, distributor, etc | एपीसी पब्लिकेशन्स |
| Date of publication, distribution, etc | 1997 |
| 270 ## - ADDRESS | |
| Address | 8798/7, रानी झाँसी रोड, करोल बाग |
| City | नयी दिल्ली |
| Postal code | 110005 |
| 300 ## - PHYSICAL DESCRIPTION | |
| Extent | 11पृ. |
| Dimensions | 21सेमी (सजिल्द) |
| 650 ## - SUBJECT ADDED ENTRY--TOPICAL TERM | |
| Topical term or geographic name as entry element | वन-प्रयावरण--वृक्षारोपण |
| 9 (RLIN) | 84806 |
| 650 ## - SUBJECT ADDED ENTRY--TOPICAL TERM | |
| Topical term or geographic name as entry element | शास्त्रों में वन का महत्व |
| 9 (RLIN) | 84807 |
| 650 ## - SUBJECT ADDED ENTRY--TOPICAL TERM | |
| Topical term or geographic name as entry element | Forest environment--Plantation |
| 9 (RLIN) | 84808 |
| 650 ## - SUBJECT ADDED ENTRY--TOPICAL TERM | |
| Topical term or geographic name as entry element | The importance of forests in the scriptures |
| 9 (RLIN) | 84809 |
| 942 ## - ADDED ENTRY ELEMENTS (KOHA) | |
| Source of classification or shelving scheme | Dewey Decimal Classification |
| Koha item type | Hindi Books |
| Classification part | 631 |
| Call number suffix | कृष्णामु |
| Withdrawn status | Lost status | Damaged status | Not for loan | Home library | Current library | Date acquired | Source of acquisition | Cost, normal purchase price | Total Checkouts | Full call number | Barcode | Date last seen | Date checked out | Copy number | Cost, replacement price | Price effective from | Koha item type | Source of classification or shelving scheme | Collection code |
|---|---|---|---|---|---|---|---|---|---|---|---|---|---|---|---|---|---|---|---|
| Central Library | Central Library | 17/09/2015 | Cen Lib/Ret | 150.00 | 1 | 631 कृष्णामु | A-984780 | 12/01/2019 | 15/12/2018 | 1 | 150.00 | 17/09/2015 | Hindi Books | ||||||
| Shahdara Branch | Shahdara Branch | 06/05/2019 | BPPD/PUB | 150.00 | 631 कृष्णामु | A-984784 | 06/05/2019 | 150.00 | 06/05/2019 | Hindi Books | Dewey Decimal Classification | Non-fiction |
